00362 2200145 4500001002100000005001500021035002000036245005300056100002100109250000600130260003400136082000800170084001400178990002400192INLIS00000000000253620250604121205 a0010-06250001221 aSetetes Air Di Tanah Gersang /cDoorjie Irene G.0 aDoorjie Irene G. a1 aJakarta :bWahana Ilmu,c2000 a800 a800 DOO s a00.0291 s/d 00.0293